|
|
|
|
| LEADER |
01569nam a2200433Ia 4500 |
| 001 |
EBC459430 |
| 003 |
MiAaPQ |
| 005 |
20200520144314.0 |
| 006 |
m o d | |
| 007 |
cr cn||||||||| |
| 008 |
060501s2006 dcua sb i000 0 eng d |
| 010 |
|
|
|z 2006046451
|
| 020 |
|
|
|z 0821366548
|
| 020 |
|
|
|z 0821366556
|
| 020 |
|
|
|z 9780821366547
|
| 024 |
3 |
|
|z 9780821366547
|
| 035 |
|
|
|a (MiAaPQ)EBC459430
|
| 035 |
|
|
|a (Au-PeEL)EBL459430
|
| 035 |
|
|
|a (CaPaEBR)ebr10130766
|
| 035 |
|
|
|a (CaONFJC)MIL50353
|
| 035 |
|
|
|a (OCoLC)897009187
|
| 040 |
|
|
|a MiAaPQ
|c MiAaPQ
|d MiAaPQ
|
| 050 |
|
4 |
|a HJ8899
|b .E33 2006
|
| 100 |
1 |
|
|a Effron, Laurie.
|
| 245 |
1 |
0 |
|a World Bank lending for lines of credit
|h [electronic resource] :
|b an IEG evaluation /
|c [by Laurie Effron].
|
| 260 |
|
|
|a Washington, DC :
|b World Bank,
|c 2006.
|
| 300 |
|
|
|a xiii, 80 p. :
|b ill.
|
| 490 |
1 |
|
|a Independent evaluation studies
|
| 500 |
|
|
|a Author from acknowledgments.
|
| 500 |
|
|
|a "IEG, Independent Evaluation Group."
|
| 504 |
|
|
|a Includes bibliographical references (p. 79-80).
|
| 533 |
|
|
|a Electronic reproduction. Ann Arbor, MI : ProQuest, 2015. Available via World Wide Web. Access may be limited to ProQuest affiliated libraries.
|
| 610 |
2 |
0 |
|a World Bank.
|
| 650 |
|
0 |
|a Lines of credit
|z Developing countries.
|
| 655 |
|
4 |
|a Electronic books.
|
| 710 |
2 |
|
|a World Bank.
|b Independent Evaluation Group.
|
| 710 |
2 |
|
|a ProQuest (Firm)
|
| 830 |
|
0 |
|a Independent evaluation studies.
|
| 856 |
4 |
0 |
|u https://ebookcentral.proquest.com/lib/matrademy/detail.action?docID=459430
|z Click to View
|